|
|
|
|
| LEADER |
00000cam a2200000 4500 |
| 001 |
vtls012063050 |
| 003 |
SK-MaSNL |
| 005 |
20260301091711.0 |
| 008 |
210723s2021 xo dkolfrn 000 0dslo |
| 015 |
|
|
|a SNBA2022/04
|
| 020 |
|
|
|a 9788081529986
|q (brožované)
|
| 040 |
|
|
|a SNK
|b slo
|c SNK
|e rda
|
| 041 |
0 |
|
|a slo
|b eng
|b slo
|
| 043 |
|
|
|a e-uk---
|
| 044 |
|
|
|a xo
|c SK
|
| 072 |
|
7 |
|a 32
|x Politika
|2 konspekt
|
| 080 |
|
|
|a 32(091)
|2 2011
|
| 080 |
|
|
|a 364-787.2
|2 2011
|
| 080 |
|
|
|a 34
|2 2011
|
| 080 |
|
|
|a 349.2
|2 2011
|
| 080 |
|
|
|a 36
|2 2011
|
| 080 |
|
|
|a 364
|2 2011
|
| 080 |
|
|
|a (41)
|2 2011
|
| 080 |
|
|
|a (048.8)
|2 2011
|
| 100 |
1 |
|
|a Onufrák, Alexander,
|d 1980-
|4 aut
|9 208970
|
| 245 |
1 |
0 |
|a Vznik a vývoj britskej sociálnej politiky
|c Alexander Onufrák
|
| 250 |
|
|
|a Vydanie prvé
|
| 264 |
|
1 |
|a Košice
|b ŠafárikPress
|b Univerzita Pavla Jozefa Šafárika v Košiciach, Filozofická fakulta
|c 2021
|
| 300 |
|
|
|a 238 strán
|b fotografie, grafy, tabuľky, schémy
|c 24 cm
|
| 336 |
|
|
|a text
|b txt
|2 rdacontent
|
| 337 |
|
|
|a bez média
|b n
|2 rdamedia
|
| 338 |
|
|
|a zväzok
|b nc
|2 rdacarrier
|
| 366 |
|
|
|e 150 kusov
|
| 490 |
1 |
|
|a Acta Facultatis Philosophicae Universitatis Šafarikiane. Monografia
|v 150/2021
|
| 500 |
|
|
|a Obsahuje biografické údaje o autorovi
|
| 504 |
|
|
|a Bibliografia na strane 221-238, bibliografické odkazy a poznámky
|
| 546 |
|
|
|a Anglické a slovenské resumé
|
| 650 |
0 |
7 |
|a sociálna politika
|2 SNKPH
|9 2333
|
| 650 |
0 |
7 |
|a sociálna pomoc
|2 SNKPH
|9 3736
|
| 650 |
0 |
7 |
|a zákony
|2 SNKPH
|9 1156
|
| 650 |
0 |
7 |
|a pracovné právo
|2 SNKPH
|9 982
|
| 650 |
0 |
7 |
|a politické dejiny
|2 SNKPH
|9 69271
|
| 650 |
0 |
7 |
|a Social policy
|2 SNKPHeng
|9 310357
|
| 650 |
0 |
7 |
|a Social support
|2 SNKPHeng
|9 267886
|
| 650 |
0 |
7 |
|a Laws
|2 SNKPHeng
|9 268422
|
| 650 |
0 |
7 |
|a Labor laws and legislation
|2 SNKPHeng
|9 266962
|
| 650 |
0 |
7 |
|a Political history
|2 SNKPHeng
|9 277990
|
| 650 |
0 |
7 |
|a sociálne zabezpečenie
|2 SNKPH
|9 3720
|
| 650 |
0 |
7 |
|a Social security
|2 SNKPHeng
|9 267889
|
| 651 |
|
7 |
|a Veľká Británia
|2 SNKPHgeo
|9 20930
|
| 651 |
|
7 |
|a Great Britain
|2 SNKPHeng
|9 288462
|
| 655 |
|
7 |
|a monografie
|2 SNKPH
|9 70139
|
| 655 |
|
7 |
|a Monographs
|2 SNKPHeng
|9 120675
|
| 830 |
|
0 |
|a Acta Facultatis Philosophicae Universitatis Šafarikiane
|p Monografia
|9 421382
|
| 852 |
|
|
|a Štátna vedecká knižnica v Banskej Bystrici
|
| 919 |
|
|
|a 978-80-8152-998-6
|
| 958 |
|
|
|a NB
|
| 958 |
|
|
|a SP
|
| 958 |
|
|
|a GB
|
| 999 |
|
|
|c 671920
|d 673850
|
| 952 |
|
|
|a SNK
|b SNK
|y PREZ
|7 0
|p 17A1471741
|o snkSC 196217
|i snk2022/2157
|8 0
|0 0
|1 0
|4 0
|d 2022-02-09
|f 1
|l 0
|r 2025-10-15 00:00:00
|w 2026-02-23
|